00505nam a2200157Ia 45000010006000000050017000060080041000230410008000640820015000721000034000872450173001212600009002943000028003036500008003316540008003391670620260306170330.0260306t2009||||xx |||||||||||||| ||und|| aESP a349.6bS42 aSerna Vallejo, MargaritaeAUT 0aLa historia del derecho en España a través de las revistas histórico-jurídicas impresas (1924-2008):bbase de datos de todas las referencias contenidas en ellas c2009 a132 páginas :c24 cm. aGEN aCDE